000 01307nam a22003377a 4500
001 935201
003 OSt
005 20210426111909.0
008 831201s1984 nyu 000 1 eng
010 _a 83043185
020 _a0394528956 :
_c$19.95
040 _aDLC
_cDLC
_dDLC
_dOCoLC
_dDLC
050 0 0 _aPS3543.I26
_bL5 1984
051 _aPS3543.I26
_bL5 1984b
_cAnother issue. With prefixed leaf stating "Of the first edition ... three hundred and fifty copies have been specially bound ... signed by the author, and numbered 1 to 350." LC copy is signed, designated "out of series."
080 _a821.111
_bV-60
082 0 0 _a813/.54
_219
100 1 _aVidal, Gore,
_d1925-2012.
245 1 0 _aLincoln :
_ba novel /
_cGore Vidal.
250 _aRandom House 1st ed.
260 _aNew York :
_bRandom House,
_cc1984.
300 _a657 p. ;
_c25 cm.
365 _a19.95 USD
600 1 0 _aLincoln, Abraham,
_d1809-1865
_vFiction
650 0 _aPresidents
_zUnited States
_vFiction
653 _aინგლისური ლიტერატურა
655 7 _aBiographical fiction
_2lcgft
856 4 2 _3Publisher description
_uhttp://www.loc.gov/catdir/enhancements/fy0902/83043185-d.html
906 _a7
_bcbc
_corignew
_d1
_eocip
_f19
_gy-gencatlg
942 _2udc
_cBK
999 _c1221
_d1221